New Mexico and California : (Record no. 51743)
[ view plain ]
| 000 -LEADER | |
|---|---|
| fixed length control field | 01161cam a22002891a 4500 |
| 001 - CONTROL NUMBER | |
| control field | rc 01000180 |
| 003 - CONTROL NUMBER IDENTIFIER | |
| control field | DLC |
| 005 - DATE AND TIME OF LATEST TRANSACTION | |
| control field | 20260227111859.0 |
| 008 - FIXED-LENGTH DATA ELEMENTS--GENERAL INFORMATION | |
| fixed length control field | 830420r18481848nyua 000 0 eng |
| 010 ## - LIBRARY OF CONGRESS CONTROL NUMBER | |
| LC control number | rc 01000180 |
| 020 ## - INTERNATIONAL STANDARD BOOK NUMBER | |
| Terms of availability | $300.00 |
| 035 ## - SYSTEM CONTROL NUMBER | |
| System control number | (OCoLC)9430405 |
| 040 ## - CATALOGING SOURCE | |
| Original cataloging agency | DLC |
| Transcribing agency | CoD |
| Modifying agency | DLC |
| 042 ## - AUTHENTICATION CODE | |
| Authentication code | premarc |
| 043 ## - GEOGRAPHIC AREA CODE | |
| Geographic area code | n-ust-- |
| 050 00 - LIBRARY OF CONGRESS CALL NUMBER | |
| Classification number | E78.S7 |
| Item number | S7 |
| 100 1# - MAIN ENTRY--PERSONAL NAME | |
| Personal name | Squier, E. G. |
| Fuller form of name | (Ephraim George), |
| Dates associated with a name | 1821-1888. |
| 245 10 - TITLE STATEMENT | |
| Title | New Mexico and California : |
| Remainder of title | the ancient monuments, and the aboriginal, semi-civilized nations of New Mexico and California : with an abstract of the early Spanish explorations and conquests in those regions, particularly those now falling within the territory of the United States / |
| Statement of responsibility, etc. | by E.G. Squier. |
| 260 ## - PUBLICATION, DISTRIBUTION, ETC. | |
| Place of publication, distribution, etc. | [New York] : |
| Name of publisher, distributor, etc. | American review, |
| Date of publication, distribution, etc. | 1848. |
| 300 ## - PHYSICAL DESCRIPTION | |
| Extent | 26 p. : |
| Other physical details | ill. ; |
| Dimensions | 24 cm. |
| 500 ## - GENERAL NOTE | |
| General note | Caption title. |
| 500 ## - GENERAL NOTE | |
| General note | At head of title: From the American review for November, 1848. |
| 651 #0 - SUBJECT ADDED ENTRY--GEOGRAPHIC NAME | |
| Geographic name | Southwest, New |
| General subdivision | Antiquities. |
| 651 #0 - SUBJECT ADDED ENTRY--GEOGRAPHIC NAME | |
| Geographic name | Southwest, New |
| General subdivision | Discovery and exploration. |
| 651 #0 - SUBJECT ADDED ENTRY--GEOGRAPHIC NAME | |
| Geographic name | Southwest, New |
| General subdivision | History |
| Chronological subdivision | To 1848. |
| 650 #0 - SUBJECT ADDED ENTRY--TOPICAL TERM | |
| Topical term or geographic name entry element | Indians of North America |
| Geographic subdivision | Southwest, New. |
No items available.